| 000 | 01314nam a22003017a 4500 | ||
|---|---|---|---|
| 999 |
_c65851 _d65851 |
||
| 005 | 20240530110846.0 | ||
| 008 | 200912s2020 ua a f b 000 0dara d | ||
| 017 |
_a2019/16209 _bمصر. دار الكتب |
||
| 020 | _a9789779950253 | ||
| 040 |
_aEG-CaGPL _cEG-CaGPL |
||
| 082 | 0 | 4 |
_221 _a338.962\ _bق/م ت |
| 100 | 0 | _aمحمد سعيد العزب | |
| 245 | 1 | 0 |
_aتمويل الاصلاح الاقتصادى فى مصر : _bبين التمويل الوطنى ومؤسسات التمويل الدولى / _cمحمد سعيد العزب |
| 250 | _aط.1 | ||
| 260 |
_aالقاهرة : _bالمصرية للنشر والتوزيع، _c2020 |
||
| 300 |
_a328 ص. ؛ _c24 سم. |
||
| 504 | _aيشتمل على ارجاعات ببليوجرافية | ||
| 650 | 0 | 7 | _aبرنامج الاصلاح الاقتصادى لمصر لعام 1991 |
| 650 | 0 | 7 | _aبرنامج الاصلاح الاقتصادى لمصر لعام 2016 |
| 650 | 0 | 7 |
_aبنك مصر _xتاريخ |
| 650 | 0 | 7 |
_aالتمويل الدولى _zمصر |
| 650 | 0 | 7 |
_aالتمويل المحلى _zمصر |
| 650 | 0 | 7 | _aالصناعات الاهلية |
| 651 | 0 | 7 |
_2qrmak _aمصر _xالاصلاح الاقتصادى |
| 700 | 0 |
_aمحمد حرب _eمترجم ومقدم |
|
| 942 |
_2ddc _cBK |
||